000 00715nam a2200229 i 4500
001 146862
003 ES-MaACL
005 20230906201715.0
007 t|
008 070919s1960 ag f |||| |dspa d
080 _a929 Truman, Harry S.
080 _a32(73)"1953/61"
100 1 _aTruman, Harry S.
_9111589
245 1 0 _aMr. Ciudadano /
_cHarry S. Truman ; traducción de J. Ferrer Aleu.
250 _a1ª ed.
260 _aBuenos Aires :
_bPlaza & Janés,
_c1960.
300 _a266 p., 3 h., [16] h. de lám. ;
_c23 cm.
600 1 4 _aTruman, Harry S.
_9111589
651 4 _aEstados Unidos-
_xPolítica y gobierno-
_y1953-1961.
_9163062
700 1 _aFerrer Aleu, J.
_950442
852 _aES-MaACL
_jC-19018
999 _c146862
_d146862